Šikanovanie na školách
Legislatívne je daná problematika riešená v Smernici č. 1/2025 k prevencii a riešeniu šikanovania detí a žiakov v školách a školských zariadeniach, ktorú Ministerstvo školstva, vedy, výskumu a športu SR vydalo s účinnosťou od 1. 2. 2025. Prevencia voči šikanovaniu. Preverovanie podozrenia zo šikanov...
Salvato in:
| Autore principale: | |
|---|---|
| Natura: | Capitolo di libro |
| Lingua: | slovacco |
| Soggetti: | |
| Tags: |
Nessun Tag, puoi essere il primo ad aggiungerne!!
|
MARC
| LEADER | 00000naa a2200000 4500 | ||
|---|---|---|---|
| 001 | 0312160 | ||
| 005 | 20250911082608.7 | ||
| 041 | 0 | |a slo | |
| 044 | |a SK | ||
| 245 | 1 | 0 | |a Šikanovanie na školách |c Miroslav Tichý |
| 520 | |a Legislatívne je daná problematika riešená v Smernici č. 1/2025 k prevencii a riešeniu šikanovania detí a žiakov v školách a školských zariadeniach, ktorú Ministerstvo školstva, vedy, výskumu a športu SR vydalo s účinnosťou od 1. 2. 2025. Prevencia voči šikanovaniu. Preverovanie podozrenia zo šikanovania. Spolupráca so zákonným zástupcom a zástupcom zariadenia. | ||
| 610 | 2 | 0 | |a školy |
| 610 | 2 | 0 | |a šikanovanie |
| 610 | 2 | 0 | |a žiaci |
| 610 | 2 | 0 | |a prevencia |
| 610 | 2 | 0 | |a riaditelia |
| 610 | 2 | 0 | |a zodpovednosť |
| 610 | 2 | 0 | |a správa verejná |
| 610 | 2 | 0 | |a legislatíva |
| 100 | 1 | |a Tichý, Miroslav | |